000 00720nam a2200241Ia 4500
003 OSt
005 20250603125312.0
008 210716s2015 xx 000 0 und d
020 _a9788126554577
040 _cAIMIT LIBRARY
041 _aeng
082 _a006.671
_21
_bYENM
100 _aYener, Murat;
_9212575
245 _aProfessional java EE design patterns /
_cBy Murat Yener and Alex Theesom.
250 _a1st ed.
260 _aNew Delhi :
_bWILEY ,
_c2015.
300 _axxix,224p. ;
_bPB
_c24.7 cm
650 _aThe basics of java EE
_9212576
650 _aFactory pattern
_9212577
650 _aRestful web services
_9212578
700 _aTheedom, Alex.
_9212579
942 _2ddc
_cBK
_e1st
_k006.671 YENM
999 _c195002
_d195002